[Event "3rd Novi Sad it"]
[Site "Novi Sad"]
[Date "1974.10.16"]
[EventDate "1974.10.13"]
[Round "4.7"]
[White "Jovic, Ljubomir"]
[Black "Suba, Mihai"]
[Result "0-1"]
[WhiteElo "2305"]
[BlackElo "2460"]
[PlyCount "87"]
[Source "Perpetual Check"]

1. e4 Nf6 2. e5 Nd5 3. c4 Nb6 4. d4 d6 5. exd6 cxd6 6. Nf3 g6 7. Nc3 Bg7 8. Be2
O-O 9. h4 Bg4 10. Be3 Nc6 11. d5 Bxf3 12. gxf3 Ne5 13. Bd4 Qc8 14. f4 Nexc4 15.
Bxg7 Kxg7 16. Ne4 Nxb2 17. Qd4+ Kg8 18. h5 N2a4 19. hxg6 fxg6 20. Rxh7 Kxh7 21.
Kd2 Rf6 22. Nxf6+ exf6 23. Qxf6 Qc3+ 24. Qxc3 Nxc3 25. Kxc3 Rf8 26. Kd2 Rxf4
27. Rc1 Nxd5 28. Ke1 Rf7 29. Bc4 Rc7 30. Kd2 Rc5 31. Rh1+ Kg7 32. Bb3 Nf6 33.
f3 Nd7 34. Re1 Ne5 35. Ke2 Kf6 36. Rd1 Rc6 37. Rh1 b5 38. Rh7 a5 39. f4 Nc4 40.
Bc2 d5 41. f5 Nd6 42. Bb3 Nxf5 43. Bxd5 Rc5 44. Bg8 0-1

[Event "3rd Novi Sad it"]
[Site "Novi Sad"]
[Date "1974.10.16"]
[EventDate "1974.10.13"]
[Round "4.8"]
[White "Radulov, Ivan"]
[Black "Marjan, Dusan"]
[Result "1-0"]
[WhiteElo "2490"]
[BlackElo "2250"]
[PlyCount "92"]
[Source "Perpetual Check"]

1. e4 e5 2. Nf3 Nc6 3. d4 exd4 4. Nxd4 Qf6 5. Nxc6 Bc5 6. Qe2 bxc6 7. Nc3 a5 8.
Be3 Ba6 9. Qd2 Bxe3 10. Qxe3 Bxf1 11. Rxf1 Ne7 12. O-O-O d6 13. Rfe1 Qe6 14. e5
d5 15. Na4 O-O 16. Nc5 Nf5 17. Qg5 Qh6 18. Qxh6 Nxh6 19. e6 fxe6 20. f3 Nf5 21.
Rxe6 Rf6 22. Rde1 Kf7 23. R6e2 h6 24. c3 Kg8 25. Re8+ Rxe8 26. Rxe8+ Rf8 27.
Rxf8+ Kxf8 28. a4 Ke7 29. Kd2 Nh4 30. b4 axb4 31. a5 bxc3+ 32. Kc1 Kd6 33. a6
Kxc5 34. a7 Nxg2 35. a8=Q Ne1 36. Qa5+ Kd4 37. Qb4+ Kd3 38. Qf4 g5 39. Qxc7
Nxf3 40. Qxc6 Nd4 41. Qxd5 g4 42. Qd6 c2 43. Qa3+ Ke4 44. Kd2 h5 45. Qe3+ Kd5
46. Qg5+ Kc4 1-0

[Event "3rd Novi Sad it"]
[Site "Novi Sad"]
[Date "1974.10.18"]
[EventDate "1974.10.13"]
[Round "5.1"]
[White "Marjan, Dusan"]
[Black "Tal, Mikhail"]
[Result "0-1"]
[WhiteElo "2250"]
[BlackElo "2635"]
[PlyCount "82"]
[Source "Perpetual Check"]

1. e4 c5 2. Nf3 e6 3. d4 cxd4 4. Nxd4 Nf6 5. Nc3 d6 6. Be3 Be7 7. Be2 O-O 8.
O-O a6 9. f4 Qc7 10. Bf3 Nc6 11. Kh1 Bd7 12. Qe1 Rac8 13. Qg3 b5 14. a3 Nxd4
15. Bxd4 Bc6 16. e5 dxe5 17. fxe5 Nd7 18. Ne4 Bxe4 19. Bxe4 Nc5 20. Bxc5 Bxc5
21. Rae1 Rfd8 22. Bd3 g6 23. Re4 Bd4 24. b3 Rd5 25. Rfe1 Rcd8 26. Qf4 Bc3 27.
R1e2 Rd4 28. h4 f5 29. Rxd4 Rxd4 30. Qg5 Rg4 31. Qf6 Qf7 32. Qd8+ Qf8 33. Qxf8+
Kxf8 34. g3 Rxg3 35. Kh2 Rg4 36. Kh3 h6 37. Re3 Bd4 38. Re1 Rxh4+ 39. Kxh4 Bf2+
40. Kh3 Bxe1 41. c4 b4 0-1

[Event "3rd Novi Sad it"]
[Site "Novi Sad"]
[Date "1974.10.18"]
[EventDate "1974.10.13"]
[Round "5.2"]
[White "Suba, Mihai"]
[Black "Radulov, Ivan"]
[Result "1-0"]
[WhiteElo "2460"]
[BlackElo "2490"]
[PlyCount "63"]
[Source "Perpetual Check"]

1. c4 Nf6 2. Nc3 e6 3. Nf3 d5 4. d4 Be7 5. Bg5 O-O 6. e3 b6 7. cxd5 exd5 8. Rc1
Bb7 9. Bd3 Nbd7 10. O-O c5 11. dxc5 bxc5 12. Qa4 h6 13. Bh4 d4 14. exd4 Bxf3
15. gxf3 Nb6 16. Qd1 Qxd4 17. Bg3 Rad8 18. Bb5 Nh5 19. Qe2 Bg5 20. Rcd1 Qf6 21.
a4 Nf4 22. Qe4 Rd4 23. Rxd4 cxd4 24. Ne2 Nxe2+ 25. Bxe2 Qd8 26. Bd3 g6 27. a5
Re8 28. Qc6 Re6 29. Qb5 Nc8 30. b4 h5 31. f4 Nd6 32. Qxg5 1-0

[Event "3rd Novi Sad it"]
[Site "Novi Sad"]
[Date "1974.10.18"]
[EventDate "1974.10.13"]
[Round "5.3"]
[White "Hernandez Onna, Roman"]
[Black "Jovic, Ljubomir"]
[Result "1-0"]
[WhiteElo "2395"]
[BlackElo "2305"]
[PlyCount "122"]
[Source "Perpetual Check"]

1. d4 c5 2. d5 e5 3. c4 d6 4. e4 Ne7 5. Nc3 Ng6 6. g3 Be7 7. Bh3 Nd7 8. Bf5 a6
9. a4 Bg5 10. h4 Bxc1 11. Rxc1 Ne7 12. Bh3 Qa5 13. Nf3 h6 14. h5 Nf6 15. Bxc8
Rxc8 16. Kf1 Qb4 17. Qe2 O-O 18. Kg2 Rb8 19. Ra1 Qa5 20. Ra3 Qc7 21. Rb3 b6 22.
Nh4 Qd7 23. Qf3 Rb7 24. Ra3 Nh7 25. Nf5 Nxf5 26. exf5 Ng5 27. Qg4 Re8 28. Ne4
Nxe4 29. Qxe4 f6 30. b3 Ra8 31. Rb1 Qe8 32. b4 cxb4 33. Rxb4 Rc8 34. Rab3 Rbc7
35. Qg4 a5 36. Rb5 Rxc4 37. Qg6 R4c5 38. Rxb6 Rxd5 39. Rb7 Qxg6 40. hxg6 e4 41.
Rc7 Rc5 42. Rxc8+ Rxc8 43. Rb5 Ra8 44. g4 Kf8 45. Kg3 Rd8 46. Rd5 Ke7 47. Kf4
Ra8 48. Rb5 Ra7 49. Kxe4 Kd7 50. Rb8 Kc6 51. Rc8+ Kb6 52. Kd5 Re7 53. Rc6+ Kb7
54. Rxd6 Re5+ 55. Kd4 Kc7 56. Re6 Rxe6 57. fxe6 Kd6 58. Kc4 Kxe6 59. Kb5 f5 60.
f3 f4 61. Kxa5 Kd5 1-0

[Event "3rd Novi Sad it"]
[Site "Novi Sad"]
[Date "1974.10.18"]
[EventDate "1974.10.13"]
[Round "5.4"]
[White "Raicevic, Vladimir"]
[Black "Hulak, Krunoslav"]
[Result "1-0"]
[WhiteElo "2490"]
[BlackElo "2475"]
[PlyCount "83"]
[Source "Perpetual Check"]

1. c4 g6 2. Nc3 Bg7 3. Nf3 Nf6 4. g3 O-O 5. Bg2 d6 6. O-O e5 7. Rb1 a5 8. a3
Nc6 9. b4 axb4 10. axb4 Re8 11. b5 Nd4 12. d3 Bg4 13. Nd2 Qc8 14. Re1 h6 15.
Bb2 Rb8 16. Ra1 Nh7 17. Ra7 Ng5 18. Nd5 Bh3 19. Bh1 Nge6 20. e3 Nf5 21. Ne4 Qd8
22. Bc3 h5 23. Ba5 Nh6 24. Qc2 f5 25. Nd2 h4 26. Bc3 g5 27. Nb4 Qc8 28. Nd5 f4
29. Ne4 Qd8 30. gxf4 gxf4 31. exf4 c6 32. bxc6 bxc6 33. Ba5 Nd4 34. Qd1 Qc8 35.
Ndf6+ Kh8 36. Qh5 Qf5 37. Qxf5 Nhxf5 38. Nxe8 Rxe8 39. Ng5 Bg4 40. fxe5 dxe5
41. h3 Bh5 42. Be4 1-0

[Event "3rd Novi Sad it"]
[Site "Novi Sad"]
[Date "1974.10.18"]
[EventDate "1974.10.13"]
[Round "5.5"]
[White "Forintos, Gyozo"]
[Black "Maric, Rudolf"]
[Result "0-1"]
[WhiteElo "2490"]
[BlackElo "2455"]
[PlyCount "120"]
[Source "Perpetual Check"]

1. g3 f5 2. Bg2 Nf6 3. d4 e6 4. Nd2 Be7 5. e3 O-O 6. Ne2 d6 7. O-O Qe8 8. c4 e5
9. b3 Qh5 10. Ba3 Re8 11. Rc1 Nc6 12. d5 Nd8 13. Nc3 Qh6 14. Nb5 Rf8 15. Nxc7
Rb8 16. c5 dxc5 17. Bxc5 Bxc5 18. Rxc5 Ng4 19. Re1 Qxh2+ 20. Kf1 f4 21. Nf3 Qh6
22. gxf4 exf4 23. e4 Nh2+ 24. Nxh2 Qxh2 25. Rc3 f3 26. Bxf3 Bg4 27. Ree3 Rxf3
28. Rxf3 Nf7 29. d6 Qh1+ 30. Ke2 Qxd1+ 31. Kxd1 Ne5 32. Kd2 Nxf3+ 33. Ke3 Rd8
34. e5 Nxe5 35. Kf4 Rxd6 36. Kxe5 Rd2 37. f3 Bd7 38. Nd5 Rxa2 39. Rc7 Bc6 40.
Ne7+ Kf8 41. Nxc6 bxc6 42. Kf5 h6 43. Rxc6 Ra5+ 44. Kf4 Kg8 45. Rc8+ Kh7 46.
Kg3 Rg5+ 47. Kf2 Rb5 48. Rc7 a5 49. Ra7 h5 50. Ra6 g6 51. Ke3 Kh6 52. Kf4 Rf5+
53. Ke3 Re5+ 54. Kf4 Rb5 55. Ra8 g5+ 56. Kg3 h4+ 57. Kg2 Kg6 58. Ra6+ Kf5 59.
Kh3 Kf4 60. Rf6+ Ke5 0-1

[Event "3rd Novi Sad it"]
[Site "Novi Sad"]
[Date "1974.10.18"]
[EventDate "1974.10.13"]
[Round "5.6"]
[White "Buljovcic, Ivan"]
[Black "Deze, Anton"]
[Result "0-1"]
[WhiteElo "2460"]
[BlackElo "2375"]
[PlyCount "78"]
[Source "Perpetual Check"]

1. e4 c5 2. Nf3 d6 3. Bb5+ Nc6 4. d4 Qa5+ 5. Nc3 cxd4 6. Qxd4 Bd7 7. Bxc6 bxc6
8. e5 d5 9. Nd2 e6 10. Nb3 Qc7 11. Na4 Ne7 12. f4 Nf5 13. Qf2 d4 14. Nxd4 Nxd4
15. Qxd4 c5 16. Qc4 Qc6 17. b3 Qxg2 18. Rf1 Be7 19. Be3 Bh4+ 20. Kd1 O-O 21.
Nxc5 Bc6 22. Kc1 Rac8 23. Kb2 Bd5 24. Qc3 Be7 25. Rf2 Qh3 26. b4 a5 27. a3 Rb8
28. Kc1 axb4 29. axb4 Rxb4 30. Qe1 Rc4 31. Ra3 Qh4 32. Rc3 Ra8 33. Kd2 Rxc3 34.
Kxc3 Rc8 35. Kb4 Qh3 36. Qc3 Qf5 37. Qd4 Qg4 38. Qc3 Qg1 39. Bd4 Qb1+ 0-1

[Event "3rd Novi Sad it"]
[Site "Novi Sad"]
[Date "1974.10.18"]
[EventDate "1974.10.13"]
[Round "5.8"]
[White "Kirov, Nino"]
[Black "Notaros, Krasoje"]
[Result "1-0"]
[WhiteElo "2465"]
[BlackElo "2290"]
[PlyCount "73"]
[Source "Perpetual Check"]

1. Nf3 d5 2. g3 e6 3. Bg2 Bd6 4. c4 f5 5. O-O Nf6 6. d3 O-O 7. Nc3 c6 8. e4
Nbd7 9. cxd5 cxd5 10. exf5 exf5 11. Nd4 Nb6 12. a4 a5 13. Nce2 Kh8 14. Qb3 Ra6
15. Bd2 Bd7 16. Rfe1 Be5 17. Bf4 Re8 18. Bxe5 Rxe5 19. Nc3 Qe7 20. Rxe5 Qxe5
21. Ncb5 f4 22. Nf3 Qe7 23. Re1 Qb4 24. Qxb4 axb4 25. b3 Bxb5 26. axb5 Ra3 27.
Nd4 Nbd7 28. Bxd5 h5 29. Bxb7 Nc5 30. Bc6 Nxd3 31. Rd1 Nc5 32. b6 Ra6 33. Rc1
Nd3 34. b7 Rb6 35. Ra1 fxg3 36. Ra8+ Kh7 37. hxg3 1-0

[Event "3rd Novi Sad it"]
[Site "Novi Sad"]
[Date "1974.10.19"]
[EventDate "1974.10.13"]
[Round "6.1"]
[White "Tal, Mikhail"]
[Black "Notaros, Krasoje"]
[Result "1-0"]
[WhiteElo "2635"]
[BlackElo "2290"]
[PlyCount "111"]
[Source "Perpetual Check"]

1. e4 g6 2. d4 Bg7 3. Nf3 c6 4. Be2 d5 5. Nbd2 Bg4 6. c3 dxe4 7. Nxe4 Nf6 8.
Nxf6+ exf6 9. O-O O-O 10. Bc4 Nd7 11. h3 Bf5 12. Re1 Nb6 13. Bb3 a5 14. Bf4 a4
15. Bc2 Qd7 16. Qe2 Bxc2 17. Qxc2 Nd5 18. Bd2 b5 19. Re4 Rfe8 20. Rae1 Rxe4 21.
Qxe4 Bf8 22. b3 axb3 23. axb3 Nc7 24. c4 bxc4 25. bxc4 Re8 26. Qb1 Rxe1+ 27.
Bxe1 Ne6 28. Bc3 h5 29. Qb8 Qc7 30. Qa8 Kg7 31. d5 cxd5 32. Qxd5 Bc5 33. Nd2
Qf4 34. Ne4 Qc1+ 35. Kh2 Qf4+ 36. g3 Qf3 37. Bxf6+ Kh6 38. Qa8 Bf8 39. Bg5+ Kg7
40. Qa1+ Kg8 41. Nf6+ Kh8 42. Nd5+ Kh7 43. Nf6+ Kh8 44. Ne4+ Kg8 45. Qe1 Nxg5
46. Nxg5 Qd3 47. Qe4 Qd2 48. Qf4 Qxf4 49. gxf4 f6 50. Ne6 Bd6 51. c5 Kf7 52.
Nd8+ Ke7 53. cxd6+ Kxd8 54. Kg3 g5 55. fxg5 fxg5 56. h4 1-0

[Event "3rd Novi Sad it"]
[Site "Novi Sad"]
[Date "1974.10.19"]
[EventDate "1974.10.13"]
[Round "6.2"]
[White "Ilijic, Milan"]
[Black "Kirov, Nino"]
[Result "1-0"]
[WhiteElo "2375"]
[BlackElo "2465"]
[PlyCount "113"]
[Source "Perpetual Check"]

1. c4 Nf6 2. g3 d5 3. cxd5 Nxd5 4. Bg2 g6 5. Nc3 Nb6 6. d4 Bg7 7. Nf3 O-O 8.
O-O Nc6 9. d5 Na5 10. e4 c6 11. Nd4 cxd5 12. exd5 e6 13. Nb3 Nxd5 14. Nxd5 exd5
15. Bxd5 Nc6 16. Qf3 Ne5 17. Qg2 Bg4 18. Be3 Bh3 19. Bxf7+ Rxf7 20. Qxh3 Nf3+
21. Kh1 Bxb2 22. Rad1 Qe8 23. Rd6 Qe4 24. Nc5 Qc4 25. Rfd1 Raf8 26. Qe6 Qxe6
27. Nxe6 Re8 28. Kg2 Rfe7 29. Nf4 g5 30. Kxf3 gxf4 31. Bxf4 Be5 32. Bxe5 Rxe5
33. Kg4 R5e7 34. f4 Rg7+ 35. Kf3 Rge7 36. Rd7 h5 37. Rxe7 Rxe7 38. Rd5 h4 39.
g4 Rc7 40. Rd2 h3 41. g5 b5 42. Ke4 Rc1 43. f5 Rf1 44. Rd3 Rg1 45. g6 Rg2 46.
Rxh3 Rxa2 47. f6 Re2+ 48. Kf5 Rf2+ 49. Ke6 Re2+ 50. Kd5 Rd2+ 51. Kc5 Rf2 52.
f7+ Kg7 53. Rg3 Rf5+ 54. Kb4 a6 55. Rg4 Rf1 56. h4 Rb1+ 57. Ka3 1-0

[Event "3rd Novi Sad it"]
[Site "Novi Sad"]
[Date "1974.10.19"]
[EventDate "1974.10.13"]
[Round "6.4"]
[White "Maric, Rudolf"]
[Black "Buljovcic, Ivan"]
[Result "1-0"]
[WhiteElo "2455"]
[BlackElo "2460"]
[PlyCount "51"]
[Source "Perpetual Check"]

1. e4 c5 2. c3 Nf6 3. e5 Nd5 4. d4 cxd4 5. Qxd4 e6 6. Bc4 Nc6 7. Qe4 d6 8. Nf3
dxe5 9. Nxe5 Bd6 10. Nxc6 bxc6 11. O-O O-O 12. Nd2 Qc7 13. Qh4 e5 14. Ne4 Be7
15. Bg5 f6 16. Be3 Kh8 17. Bc5 Bxc5 18. Nxc5 Qb6 19. Bxd5 cxd5 20. b4 d4 21.
cxd4 a5 22. Qe4 Ra7 23. bxa5 Rxa5 24. Rfc1 Rd8 25. Nb3 Rad5 26. Rxc8 1-0

[Event "3rd Novi Sad it"]
[Site "Novi Sad"]
[Date "1974.10.19"]
[EventDate "1974.10.13"]
[Round "6.5"]
[White "Hulak, Krunoslav"]
[Black "Forintos, Gyozo"]
[Result "0-1"]
[WhiteElo "2475"]
[BlackElo "2490"]
[PlyCount "74"]
[Source "Perpetual Check"]

1. e4 g6 2. d4 Bg7 3. Nf3 c5 4. Nc3 cxd4 5. Nxd4 Nc6 6. Be3 Nf6 7. Bc4 O-O 8.
Bb3 d6 9. f3 Bd7 10. h4 Qa5 11. Qd2 Rfc8 12. O-O-O Ne5 13. h5 Nxh5 14. Bh6 Bxh6
15. Qxh6 Rxc3 16. bxc3 Nf6 17. g4 Qxc3 18. Kb1 Rc8 19. Qc1 a5 20. g5 Nh5 21. f4
Ng4 22. Rd3 Qb4 23. a3 Qb6 24. Qb2 d5 25. Rf1 e5 26. Ne2 Nh2 27. Rfd1 Bg4 28.
Rxd5 Bxe2 29. Rd6 Qc5 30. Bxf7+ Kxf7 31. Qxb7+ Rc7 32. Rd7+ Rxd7 33. Qxd7+ Qe7
34. Qd5+ Kg7 35. Rd2 Nf3 36. Rxe2 Nxf4 37. Qb5 Nd4 0-1

[Event "3rd Novi Sad it"]
[Site "Novi Sad"]
[Date "1974.10.19"]
[EventDate "1974.10.13"]
[Round "6.6"]
[White "Jovic, Ljubomir"]
[Black "Raicevic, Vladimir"]
[Result "1/2-1/2"]
[WhiteElo "2305"]
[BlackElo "2490"]
[PlyCount "103"]
[Source "Perpetual Check"]

1. e4 e6 2. d4 d5 3. Nc3 Nf6 4. Bg5 Be7 5. e5 Nfd7 6. h4 c5 7. Nb5 f6 8. exf6
Nxf6 9. Nf3 Nc6 10. c4 O-O 11. dxc5 Bxc5 12. Bd3 h6 13. Qe2 Bb4+ 14. Bd2 e5 15.
Bxb4 Nxb4 16. Nxe5 Nxd3+ 17. Qxd3 Qe7 18. f4 dxc4 19. Qd6 Qxd6 20. Nxd6 Nd5 21.
g3 c3 22. bxc3 Nxc3 23. Rh2 Rd8 24. Rc2 Nd5 25. Nef7 Rf8 26. Rc5 Be6 27. Ne5 b6
28. Rc6 Nb4 29. Rc7 Rad8 30. Ne4 Rc8 31. Rac1 Nxa2 32. R1c6 Rxc7 33. Rxc7 a5
34. Re7 Bd5 35. Nd6 Rf6 36. Rd7 Kf8 37. h5 Be6 38. Rb7 Bf5 39. Rxb6 Ke7 40.
Nxf5+ Rxf5 41. g4 Rf6 42. Ng6+ Ke8 43. Rb8+ Kd7 44. Rg8 Nb4 45. Rxg7+ Ke6 46.
g5 hxg5 47. fxg5 Rf7 48. Rg8 Nc2+ 49. Kd2 Nd4 50. Nh8 Rh7 51. Rf8 Rxh5 52. Kd3
1/2-1/2

[Event "3rd Novi Sad it"]
[Site "Novi Sad"]
[Date "1974.10.19"]
[EventDate "1974.10.13"]
[Round "6.7"]
[White "Radulov, Ivan"]
[Black "Hernandez Onna, Roman"]
[Result "1-0"]
[WhiteElo "2490"]
[BlackElo "2395"]
[PlyCount "89"]
[Source "Perpetual Check"]

1. e4 c5 2. Nf3 Nc6 3. d4 cxd4 4. Nxd4 d6 5. c4 g6 6. Nc3 Bg7 7. Be3 Nf6 8. Be2
O-O 9. O-O a6 10. Rc1 Bd7 11. Nb3 b6 12. f3 Be8 13. Qd2 Rb8 14. Rfd1 Nd7 15.
Nd4 Nc5 16. Nd5 Ne6 17. Nc2 f5 18. exf5 gxf5 19. Ncb4 Nxb4 20. Nxb4 a5 21. Nd5
Bc6 22. Bf1 Rf7 23. Re1 Be5 24. f4 Bg7 25. Be2 Nc5 26. Bh5 Ne4 27. Bxf7+ Kxf7
28. Qe2 e6 29. Qh5+ Kg8 30. Nc3 Qc7 31. Nxe4 Bxe4 32. Qe2 Kh8 33. Qf2 Qc6 34.
g3 Qc7 35. h3 Qc6 36. Kh2 Bf6 37. b3 e5 38. Rcd1 Bf3 39. Rd2 Rg8 40. Rf1 Be4
41. Rfd1 Be7 42. Bxb6 Rg6 43. Be3 Qe8 44. c5 Rh6 45. Qf1 1-0

[Event "3rd Novi Sad it"]
[Site "Novi Sad"]
[Date "1974.10.19"]
[EventDate "1974.10.13"]
[Round "6.8"]
[White "Marjan, Dusan"]
[Black "Suba, Mihai"]
[Result "0-1"]
[WhiteElo "2250"]
[BlackElo "2460"]
[PlyCount "82"]
[Source "Perpetual Check"]

1. e4 Nf6 2. e5 Nd5 3. d4 d6 4. c4 Nb6 5. f4 dxe5 6. fxe5 Bf5 7. Nc3 e6 8. Be3
Bb4 9. Nf3 c5 10. Qb3 cxd4 11. Nxd4 Qh4+ 12. g3 Qe4 13. Kf2 Bxc3 14. Bg2 Qxd4
15. Bxd4 Bxd4+ 16. Ke2 N8d7 17. Rhd1 Bxe5 18. a4 Rc8 19. a5 Nc5 20. Qb5+ Nbd7
21. Bxb7 a6 22. Qb4 Rb8 23. Rxd7 Nxd7 24. Ke3 Be4 25. Kxe4 Rxb7 26. Qxb7 Nc5+
27. Kxe5 Nxb7 28. b4 Kd7 29. c5 Rc8 30. Rd1+ Ke7 31. Rc1 Nd8 32. Kd4 Nc6+ 33.
Kc3 Rb8 34. Rb1 Rb5 35. Rb2 f5 36. Rb1 g5 37. h3 h5 38. Rb2 Rxb4 39. Rxb4 Nxb4
40. Kxb4 e5 41. Kc4 Ke6 0-1

[Event "3rd Novi Sad it"]
[Site "Novi Sad"]
[Date "1974.10.20"]
[EventDate "1974.10.13"]
[Round "7.1"]
[White "Suba, Mihai"]
[Black "Tal, Mikhail"]
[Result "1/2-1/2"]
[WhiteElo "2460"]
[BlackElo "2635"]
[PlyCount "77"]
[Source "Perpetual Check"]

1. c4 c5 2. Nf3 Nf6 3. Nc3 d5 4. cxd5 Nxd5 5. g3 g6 6. Bg2 Bg7 7. O-O Nc6 8.
Nxd5 Qxd5 9. d3 Qd6 10. Rb1 O-O 11. Ng5 Qd7 12. a3 h6 13. Ne4 b6 14. b4 cxb4
15. axb4 Bb7 16. Bb2 Rfd8 17. Qd2 Rac8 18. b5 Na5 19. Bxg7 Kxg7 20. Rb4 Qe6 21.
Qb2+ Kg8 22. g4 Rc7 23. Rc1 Rdc8 24. Rxc7 Rxc7 25. h4 Qc8 26. h5 Rc1+ 27. Kh2
Qc7+ 28. Ng3 Rc2 29. Qd4 Rxe2 30. hxg6 e5 31. gxf7+ Kxf7 32. Qa1 Rxf2 33. Rb2
Rxg2+ 34. Rxg2 Bxg2 35. Qa2+ Kf8 36. Kxg2 Qd7 37. Qd2 Qe6 38. Qb4+ Qe7 39. Qd2
1/2-1/2

[Event "3rd Novi Sad it"]
[Site "Novi Sad"]
[Date "1974.10.20"]
[EventDate "1974.10.13"]
[Round "7.2"]
[White "Hernandez Onna, Roman"]
[Black "Marjan, Dusan"]
[Result "1/2-1/2"]
[WhiteElo "2395"]
[BlackElo "2250"]
[PlyCount "83"]
[Source "Perpetual Check"]

1. c4 e6 2. d4 d5 3. Nc3 c6 4. e4 dxe4 5. Nxe4 Bb4+ 6. Bd2 Qxd4 7. Bxb4 Qxe4+
8. Be2 Na6 9. Ba3 Ne7 10. Nf3 c5 11. O-O O-O 12. Re1 Ng6 13. Bd3 Qg4 14. Re4
Qh5 15. b3 f5 16. Re1 b6 17. Ne5 Qxd1 18. Raxd1 Nxe5 19. Rxe5 Rd8 20. f4 Kf7
21. Ree1 Bb7 22. Bb1 Nb4 23. Kf2 g6 24. g3 Nc6 25. Bb2 Rxd1 26. Rxd1 Rd8 27.
Rxd8 Nxd8 28. Bc3 Nc6 29. Ke3 Ke7 30. Bg7 Kd6 31. Bf8+ Kd7 32. Bg7 Ne7 33. Bd3
Nc8 34. a3 Nd6 35. Be5 Nf7 36. Bg7 Ke7 37. b4 Nd6 38. Be5 Kd7 39. b5 a6 40. a4
axb5 41. axb5 Be4 42. Bxd6 1/2-1/2

[Event "3rd Novi Sad it"]
[Site "Novi Sad"]
[Date "1974.10.20"]
[EventDate "1974.10.13"]
[Round "7.3"]
[White "Raicevic, Vladimir"]
[Black "Radulov, Ivan"]
[Result "1-0"]
[WhiteElo "2490"]
[BlackElo "2490"]
[PlyCount "87"]
[Source "Perpetual Check"]

1. c4 c5 2. Nc3 Nc6 3. g3 g6 4. Bg2 Bg7 5. a3 e5 6. b4 d6 7. Rb1 Nge7 8. d3 O-O
9. Nf3 Rb8 10. O-O b6 11. Nd2 h6 12. Nd5 Bb7 13. b5 Nd4 14. e3 Ne6 15. a4 Nc7
16. Qb3 Qd7 17. Bb2 f5 18. f4 Kh7 19. Rbe1 Nexd5 20. cxd5 exf4 21. Bxg7 Qxg7
22. gxf4 Rbe8 23. Kh1 g5 24. e4 gxf4 25. Nc4 fxe4 26. Bxe4+ Rxe4 27. dxe4 Nxd5
28. Qf3 Ne3 29. Nxe3 fxe3 30. Qxe3 Re8 31. Rf4 Re7 32. Qf3 Qg6 33. h4 Qe6 34.
Rf6 Bxe4 35. Rxe6 Bxf3+ 36. Kg1 Rg7+ 37. Kf2 Bd5 38. Rxd6 Bb3 39. Ra1 Rg4 40.
a5 Ba4 41. Rd7+ Kg6 42. Rxa7 bxa5 43. Rxa5 Bb3 44. Rg1 1-0

[Event "3rd Novi Sad it"]
[Site "Novi Sad"]
[Date "1974.10.20"]
[EventDate "1974.10.13"]
[Round "7.4"]
[White "Forintos, Gyozo"]
[Black "Jovic, Ljubomir"]
[Result "1-0"]
[WhiteElo "2490"]
[BlackElo "2305"]
[PlyCount "75"]
[Source "Perpetual Check"]

1. d4 c5 2. d5 e5 3. e4 d6 4. c4 g6 5. Nc3 Bg7 6. Nge2 Nf6 7. Ng3 h5 8. h4 a6
9. Be2 Nbd7 10. a3 Ng4 11. Bxg4 hxg4 12. h5 Nf8 13. Qd3 Bd7 14. b4 b6 15. b5
axb5 16. cxb5 Bf6 17. a4 Bg5 18. Bxg5 Qxg5 19. Qd2 Qf6 20. O-O-O O-O-O 21. Kb2
Kb7 22. Ra1 Ra8 23. Kb3 Qf4 24. Qc2 gxh5 25. Nxh5 Qg5 26. Ng3 Ng6 27. Rxh8 Rxh8
28. Nf1 Rh1 29. a5 bxa5 30. Qa2 Qd8 31. Ne3 Rxa1 32. Qxa1 Nf4 33. Nc4 Be8 34.
Nxa5+ Kb8 35. Nc4 Nd3 36. b6 Qd7 37. Nxd6 c4+ 38. Kxc4 1-0

[Event "3rd Novi Sad it"]
[Site "Novi Sad"]
[Date "1974.10.20"]
[EventDate "1974.10.13"]
[Round "7.5"]
[White "Buljovcic, Ivan"]
[Black "Hulak, Krunoslav"]
[Result "1/2-1/2"]
[WhiteElo "2460"]
[BlackElo "2475"]
[PlyCount "30"]
[Source "Perpetual Check"]

1. e4 g6 2. d4 c6 3. Nf3 Bg7 4. c3 d6 5. Nbd2 Qc7 6. Bc4 Nh6 7. h4 Bg4 8. Nf1
e6 9. N1h2 d5 10. exd5 exd5 11. Bxh6 Bxf3 12. Qxf3 Bxh6 13. Ng4 Bg7 14. Bd3 h5
15. Qe2+ Qe7 1/2-1/2

[Event "3rd Novi Sad it"]
[Site "Novi Sad"]
[Date "1974.10.20"]
[EventDate "1974.10.13"]
[Round "7.7"]
[White "Kirov, Nino"]
[Black "Deze, Anton"]
[Result "1/2-1/2"]
[WhiteElo "2465"]
[BlackElo "2375"]
[PlyCount "20"]
[Source "Perpetual Check"]

1. d4 d5 2. c4 e6 3. Nf3 Nf6 4. g3 dxc4 5. Bg2 b5 6. Ne5 Nd5 7. O-O Bb7 8. b3
cxb3 9. Qxb3 c6 10. e4 Nb6 1/2-1/2

[Event "3rd Novi Sad it"]
[Site "Novi Sad"]
[Date "1974.10.20"]
[EventDate "1974.10.13"]
[Round "7.8"]
[White "Notaros, Krasoje"]
[Black "Ilijic, Milan"]
[Result "1/2-1/2"]
[WhiteElo "2290"]
[BlackElo "2375"]
[PlyCount "83"]
[Source "Perpetual Check"]

1. Nf3 g6 2. g3 Bg7 3. d4 Nf6 4. Bg2 O-O 5. c4 d6 6. Nc3 Nbd7 7. O-O c6 8. d5
Qc7 9. h3 Nb6 10. dxc6 bxc6 11. c5 dxc5 12. Bf4 Qb7 13. Ne5 Bd7 14. Na4 Nxa4
15. Qxa4 Rac8 16. Rad1 Rfd8 17. Rxd7 Nxd7 18. Nxc6 Nb6 19. Qxa7 Qxa7 20. Nxa7
Na4 21. Nxc8 Rxc8 22. Bb7 Rd8 23. Rc1 Bxb2 24. Rc4 Rd4 25. Rxd4 cxd4 26. Ba6 e5
27. Bd2 Nc3 28. Bc4 Kg7 29. Kf1 f5 30. Ke1 Kf6 31. Bb3 Ba3 32. Bxc3 dxc3 33.
Kd1 e4 34. Kc2 Bb4 35. f3 Ke5 36. Bg8 h6 37. Bh7 Kf6 38. Bg8 Ke5 39. Bh7 Kf6
40. Bg8 Kg7 41. Bd5 exf3 42. exf3 1/2-1/2

[Event "3rd Novi Sad it"]
[Site "Novi Sad"]
[Date "1974.10.21"]
[EventDate "1974.10.13"]
[Round "8.1"]
[White "Tal, Mikhail"]
[Black "Ilijic, Milan"]
[Result "1-0"]
[WhiteElo "2635"]
[BlackElo "2375"]
[PlyCount "47"]
[Source "Perpetual Check"]

1. e4 d6 2. d4 Nf6 3. Nc3 g6 4. f4 Bg7 5. Nf3 O-O 6. Bd3 Na6 7. O-O c5 8. d5
Nc7 9. Qe1 a6 10. a4 b6 11. Qh4 e6 12. dxe6 fxe6 13. e5 dxe5 14. fxe5 Nfd5 15.
Bg5 Qd7 16. Ne4 Ne8 17. Rad1 Ra7 18. c4 Nb4 19. Bb1 Qc6 20. Be7 Rf5 21. Nf6+
Bxf6 22. exf6 Rd7 23. Bxf5 Rxe7 24. Be4 1-0

[Event "3rd Novi Sad it"]
[Site "Novi Sad"]
[Date "1974.10.21"]
[EventDate "1974.10.13"]
[Round "8.2"]
[White "Deze, Anton"]
[Black "Notaros, Krasoje"]
[Result "0-1"]
[WhiteElo "2375"]
[BlackElo "2290"]
[PlyCount "80"]
[Source "Perpetual Check"]

1. c4 e5 2. Nc3 Nc6 3. Nf3 g6 4. d4 exd4 5. Nxd4 Bg7 6. Nxc6 bxc6 7. g3 Nf6 8.
Bg2 O-O 9. O-O a5 10. b3 Ng4 11. Bb2 Qe7 12. e4 d6 13. h3 Ne5 14. f4 Nd7 15.
Kh2 Nc5 16. e5 dxe5 17. Bxc6 Ra6 18. Bg2 exf4 19. Rxf4 Rd6 20. Qg1 g5 21. Rff1
Rh6 22. Nd5 Qe2 23. Rf2 Qe6 24. Qf1 Bxb2 25. Rxb2 f5 26. Re2 Ne4 27. Rae1 Qd6
28. Qf3 c6 29. Nb6 Be6 30. Qe3 Rff6 31. c5 Qc7 32. Nc4 g4 33. Bxe4 Rxh3+ 34.
Kg2 f4 35. Qc3 Rxg3+ 36. Kf1 Rxc3 37. Nd6 Rh3 38. Ne8 Qf7 39. Nxf6+ Qxf6 40.
Bg2 Re3 0-1

[Event "3rd Novi Sad it"]
[Site "Novi Sad"]
[Date "1974.10.21"]
[EventDate "1974.10.13"]
[Round "8.3"]
[White "Maric, Rudolf"]
[Black "Kirov, Nino"]
[Result "1/2-1/2"]
[WhiteElo "2455"]
[BlackElo "2465"]
[PlyCount "28"]
[Source "Perpetual Check"]

1. e4 e5 2. Nf3 Nf6 3. Nc3 Nc6 4. d4 exd4 5. Nxd4 Bb4 6. Nxc6 bxc6 7. Bd3 d5 8.
exd5 cxd5 9. O-O O-O 10. Bg5 c6 11. Qf3 Re8 12. Rfe1 Rxe1+ 13. Rxe1 Be6 14. a3
Be7 1/2-1/2

[Event "3rd Novi Sad it"]
[Site "Novi Sad"]
[Date "1974.10.21"]
[EventDate "1974.10.13"]
[Round "8.5"]
[White "Jovic, Ljubomir"]
[Black "Buljovcic, Ivan"]
[Result "0-1"]
[WhiteElo "2305"]
[BlackElo "2460"]
[PlyCount "76"]
[Source "Perpetual Check"]

1. e4 c5 2. Nf3 d6 3. d4 cxd4 4. Nxd4 Nf6 5. Nc3 a6 6. Bc4 e6 7. a3 Be7 8. Ba2
O-O 9. O-O b5 10. f4 Bb7 11. Rf3 Nxe4 12. Nxe6 fxe6 13. Bxe6+ Kh8 14. Rh3 Nf6
15. Be3 Bc8 16. f5 Bxe6 17. fxe6 Nc6 18. Qf3 Ne5 19. Qb7 Qb8 20. Qxb8 Raxb8 21.
Ne2 Rbc8 22. c3 Nd5 23. Bd4 Nf4 24. Nxf4 Rxf4 25. a4 b4 26. Rd1 Nc6 27. Be3 Re4
28. Bd2 d5 29. Rd3 d4 30. cxd4 Nxd4 31. Be3 Nxe6 32. Bf2 h6 33. a5 Bc5 34. b3
Bxf2+ 35. Kxf2 Rc2+ 36. Kf3 Ng5+ 37. Kg3 h5 38. R1d2 Rg4+ 0-1